Asian cities which have changed their name - Statistics

General Stats
  • This quiz has been taken 70 times
    31 since last reset
  • The average score is 11 of 20
Answer Stats
Current name Old name % Correct
Ho Chi Minh City Saigon
97%
Mumbai Bombay
97%
Tokyo Edo
97%
Yangon Rangoon
90%
Jakarta Sunda Kelapa
83%
Chennai Madras
76%
Ankara Angora
69%
İzmir Smyrna
69%
Beijing Khanbaliq
62%
Novosibirsk Novonikolayevsk
59%
Pyongyang Wanggeom-seong
52%
Astana Nur-Sultan
48%
Singapore Temasek
41%
Nanjing Jinling
31%
Vientiane Luang Phra Bang
28%
Dhaka Jahangir Nagar
24%
Osaka Naniwa
24%
Amman Ahamant
14%
Jayapura Hollandia
7%
Karakol Przhevalsk
7%
No matching quizzes found
Score Distribution
Percent of People with Each Score
Percentile by Number Answered
Your Score History
You have not taken this quiz since the last reset